| 000 | 00904nam0a22002651 4500 | ||
|---|---|---|---|
| 001 | v19\rc\1968285 | ||
| 005 | 20250619214534.0 | ||
| 035 | _a(NLR Aleph) 005050683 | ||
| 090 |
_a6891355 _c6891355 |
||
| 100 | _a20080428d1914 |||y0rusy50 ca | ||
| 101 | 0 | _arus | |
| 102 | _aRU | ||
| 105 | _aa b ||||| | ||
| 200 | 1 | _aВильгельм II в карикатурах немецких художников | |
| 210 |
_aМосква _cтипо-лит. В. Рихтер _d[1914] |
||
| 215 |
_a[16] с. _cил. _d32 |
||
| 532 | 1 | 1 | _aВильгельм Второй в карикатурах немецких художников |
| 702 | 0 |
_aВильгельм _cгерм. имп. и прус. король _dII _f1859-1941 _4570 |
|
| 801 | 0 |
_aRU _bNLR _gpsbo |
|
| 801 | 0 |
_aRU _bRuMoRGB _2psbo |
|
| 801 | 1 |
_aRU _bProSoft-M _2rusmarc |
|
| 852 |
_aNLR _j37.59.1.78 |
||
| 852 |
_aNLR _j117/108 |
||
| 942 | _cBOOK | ||
| 980 | _aNB | ||